00426 2200169 4500001002100000005001500021035002000036245004100056100001300097250001700110300003200127260003300159082001100192084001700203020002200220650001400242INLIS00000000000043920240630083008 a0010-06240001481 aBercocok Tanam Ubi Jalar /cSuparman0 aSuparman acetakan ke-1 aiv, 44 hlm :bilus ;c21 cm aJakarta :bAzka Press,c2007 a631.53 a631.53 SUP b a978-979-121-154-3 4aPertanian